Cách chữa bệnh thận bằng Đông y

Sparad:
Bibliografiska uppgifter
Huvudupphovsman: HOÀNG VĂN VINH
Materialtyp: Bok
Språk:Undetermined
Publicerad: Hà Nội Y Học 2002
Ämnen:
Taggar: Lägg till en tagg
Inga taggar, Lägg till första taggen!
Thư viện lưu trữ: Trung tâm Học liệu Trường Đại học Cần Thơ
LEADER 00501nam a2200169Ia 4500
001 CTU_48197
008 210402s9999 xx 000 0 und d
082 |a 615.882 
082 |b H600 
100 |a HOÀNG VĂN VINH 
245 0 |a Cách chữa bệnh thận bằng Đông y 
245 0 |c HOÀNG VĂN VINH, Hy Lãn 
260 |a Hà Nội 
260 |b Y Học 
260 |c 2002 
650 |a folk medicine,kidneys - diseases 
980 |a Trung tâm Học liệu Trường Đại học Cần Thơ